000 00703nam a2200289Ia 4500
005 20260324141534.0
008 008 260324s9999 xx 000 0 eng d
020 _a9781315089010
037 _aEBOOK
040 _aCRL
040 _beng
040 _cCRL
041 _2eng
041 _aeng
084 _qCRL
100 _aPeterH. Solomon
_91208565
245 0 _aReforming Justice in Russia, 1864-1994
245 0 _bPower, Culture and the Limits of Legal Order
260 _bTaylor and Francis
260 _c1997
365 _a
365 _b230
856 _uhttp://www.taylorfrancis.com/books/9781315089010
942 _cEBOOK
999 _c1811770
_d1811770